| 000 | 00885nam a2200253 a 4500 | ||
|---|---|---|---|
| 001 | 000042827 | ||
| 005 | 20201002040428.0 | ||
| 008 | 140210s1977 sp 000 j spa d | ||
| 020 | _a8420630284 | ||
| 040 |
_aDO-SdBNP _bspa _cBNPHU |
||
| 082 |
_a853.912 _bD811n |
||
| 100 | 1 |
_aD'Annunzio, Gabriele, _d1863-1938. _938942 |
|
| 240 | 1 | 0 |
_aNovelle della Pescara _lEspañol |
| 245 | 1 | 0 |
_aCuentos del río Pescara / _cGabriele d'Annunzio ; traductor, Angel Sánchez-Gijón. |
| 260 |
_aMadrid : _bAlianza, _c1977. |
||
| 300 |
_a281 p. ; _c20 cm. |
||
| 490 | 1 |
_aAlianza trés _v28 |
|
| 500 | _aIncluye datos biográficos del autor en la solapa de la contracubierta | ||
| 650 | 4 |
_aCuentos italianos _95425 |
|
| 650 | 4 |
_aLiteratura italiana _93329 |
|
| 700 | 1 | 2 |
_aSánchez-Gijón, Angel _d1934- _etr. _970192 |
| 830 | 0 |
_aAlianza trés _n28 _970193 |
|
| 910 | _aValidado. Control de calidad MFF | ||
| 999 |
_c42316 _d42316 |
||